000 00427nam a2200157Ia 4500
008 240729s9999 xx 000 0 und d
022 _a2575-1077
245 0 _aLife Science Alliance
260 _aUnited States
260 _bLife Science Alliance LLC
650 _a Biology (General)
650 _aMedicine | Science
856 _uhttps://doaj.org/toc/66e8c32b70d84a7c80bb9a5c14a00ba5
942 _2ddc
942 _cDOAJEJ
999 _c66646
_d66646
945 _a1
_bMadushi Gamage
_c1
_dMadushi Gamage